header

Dimensions of learning trainer's manual (Record no. 219659)

MARC details
000 -LEADER
fixed length control field 01395nam a2200349 a 4500
100 1# - MAIN ENTRY--AUTHOR NAME
Personal name Marzano, Robert J.
245 10 - TITLE STATEMENT
Title Dimensions of learning trainer's manual
250 ## - EDITION STATEMENT
Edition statement 2nd ed.
260 ## - PUBLICATION, DISTRIBUTION, ETC. (IMPRINT)
Place of publication Alexandria, Va. :
Name of publisher ASCD ;
Place of publication Denver, Colo. :
Name of publisher MREL,
Year of publication c1997.
300 ## - PHYSICAL DESCRIPTION
Number of Pages 1 v. (various pagings) :
Other physical details ill.
650 #0 - SUBJECT ADDED ENTRY--TOPICAL TERM
Topical Term Training manuals.
Topical Term High school teaching.
Topical Term Middle school teaching.
Topical Term Junior high school teaching.
Topical Term Elementary school teaching.
700 1# - ADDED ENTRY--PERSONAL NAME
Personal name Pickering, Debra.
Personal name Arredondo, Daisy E.
856 40 - ELECTRONIC LOCATION AND ACCESS
Uniform Resource Identifier http://site.ebrary.com/lib/rucke/Doc?id=10471839

No items available.

© 2026 Rongo University
Contact us: librarian | system librarian | Rongo university